Language Quiz

Random Language or Letter Quiz

2 Steps from Purple Quiz Stats

 Plays Quiz Updated Jul 24, 2014

Support Sporcle.
Go Orange.
Score 0/18 Timer 03:00
1 Play Today
Clue Word % Correct
Humans, in generalPEOPLE
96.5%
A pool of water after rainPUDDLE
96.2%
A bit of acnePIMPLE
95.5%
Get out of prison earlyPAROLE
93.8%
Object to jump over on a trackHURDLE
93.7%
A riddle or enigmaPUZZLE
90.1%
A shelled animalTURTLE
89.1%
Get clumpy, like spoiled milkCURDLE
87.7%
Follow someonePURSUE
84%
Clue Word % Correct
Steal from a houseBURGLE
82.7%
Make noise, like a brook or streamGURGLE
82.7%
Limber or pliantSUPPLE
77.2%
A crossbreed that's half beaglePUGGLE
76%
Make unkemptRUMPLE
55.5%
Totally or exclusivelyPURELY
54.7%
Throw yourself toward somethingHURTLE
48.8%
Adenine or guanine, e.g.PURINE
27.2%
Make noise, like a JabberwockBURBLE
25.5%

From the Vault

Ends in 'G' per Letter

by sproutcm

'G' we wonder how this quiz will end. *cough cough* Is this thing on? Don't forget to tip your waitress.
Remove Ads.
Support Sporcle.
Get the best of Sporcle when you Go Orange. This ad-free experience offers more features, more stats, and more fun while also helping to support Sporcle. Thank you for becoming a member.

Show Comments

Extras

Top Quizzes Today


Score Distribution

Your Account Isn't Verified!

In order to create a playlist on Sporcle, you need to verify the email address you used during registration. Go to your Sporcle Settings to finish the process.

Report this User

Report this user for behavior that violates our Community Guidelines.

Details: